ՀՀ Գիտությունների ազգային ակադեմիայի հիմնարար գիտական գրադարան  =   Fundamental Scientific Library of NAS RA

Школа : (Record no. 459425)

MARC details
000 -LEADER
fixed length control field 00788nam-a2200205-a-4500
001 - CONTROL NUMBER
control field 000208877
003 - CONTROL NUMBER IDENTIFIER
control field AM-YEHGA
005 - DATE AND TIME OF LATEST TRANSACTION
control field 20250617160732.0
008 - FIXED-LENGTH DATA ELEMENTS--GENERAL INFORMATION
fixed length control field 000511s1961 xxu 000 0 ger u
020 ## - INTERNATIONAL STANDARD BOOK NUMBER
Terms of availability 00.09
040 ## - CATALOGING SOURCE
Original cataloging agency AM-YeHGA
090 ## - LOCALLY ASSIGNED LC-TYPE CALL NUMBER (OCLC); LOCAL CALL NUMBER (RLIN)
-- 462495
100 10 - MAIN ENTRY--PERSONAL NAME
Personal name Брагина, Э.Л.
245 10 - TITLE STATEMENT
Title Школа :
Remainder of title (На немецком языке) : Пособие по практике устной речи для студентов факультетов немецкого языка педагогических институтов /
Statement of responsibility, etc. Э.Л. Брагина,Г.И. Жомек.
260 0# - PUBLICATION, DISTRIBUTION, ETC.
Place of publication, distribution, etc. Л. :
Name of publisher, distributor, etc. Учпедгиз ,
Date of publication, distribution, etc. 1961.
300 ## - PHYSICAL DESCRIPTION
Extent 87 с.
650 #4 - SUBJECT ADDED ENTRY--TOPICAL TERM
Topical term or geographic name entry element Немецкий язык
700 1# - ADDED ENTRY--PERSONAL NAME
Personal name Жомек, Гизелла Ивановна
942 ## - ADDED ENTRY ELEMENTS (KOHA)
Source of classification or shelving scheme Universal Decimal Classification
Koha item type Գրքեր / Books
Holdings
Withdrawn status Lost status Damaged status Not for loan Collection Home library Current library Date acquired Total checkouts Full call number Barcode Date last seen Price effective from Koha item type Public note
        General Fundamental Scientific Library Fundamental Scientific Library 18/03/2021   РII/46975 FL0640313 18/03/2021 18/03/2021 Գրքեր / Books 30 Days Loan


ՀՀ ԳԱԱ հիմնարար գիտական գրադարան
ՀՀ,Երևան 0019
Մարշալ Բաղրամյան 24/6
հեռախոս:(374-10) 52-47-50
Հետադարձ կապ

All site content, except where otherwise noted, is licensed under a
Creative Commons License